Redizajn metabolizmu Yarrowia lipolytica pre produkciu kyseliny erukovej
Uložené v:
| Hlavný autor: | |
|---|---|
| Ďalší autori: | |
| Médium: | Rukopis Kniha |
| Jazyk: | Slovak |
| Vydavateľské údaje: |
2021
|
| Predmet: | |
| On-line prístup: | http://is.stuba.sk/zp/portal_zp.pl?podrobnosti=157562 |
| Tagy: |
Žiadne tagy, Buďte prvý, kto otaguje tento záznam!
|
MARC
| LEADER | 00000ntm a22000003a 4500 | ||
|---|---|---|---|
| 001 | stuzp84611 | ||
| 003 | SK-STU | ||
| 005 | 20210605210734.6 | ||
| 007 | ta | ||
| 008 | 150427s2015----xo-----f-mn---000-0-slo-d | ||
| 040 | |a STU |b slo | ||
| 041 | 0 | |a slo | |
| 100 | 1 | |a Vicenová, Mária |u 044000 |4 aut |U FCHPT Fakulta chemickej a potravinárskej technológie |T FCHPT Ústav biotechnológie |X 88514 |U C4000 |Y 102 |7 88514 | |
| 242 | 0 | 1 | |a Redesign of metabolism of Yarrowia lipolytica for production of erucic acid |y eng |
| 245 | 1 | 0 | |a Redizajn metabolizmu Yarrowia lipolytica pre produkciu kyseliny erukovej |
| 260 | |c 2021 | ||
| 650 | 4 | |a kyselina eruková |2 slo | |
| 650 | 4 | |a Yarrowia lipolytica |2 slo | |
| 650 | 4 | |a β-ketoacyl-CoA syntáza |2 slo | |
| 650 | 4 | |a Yarrowia lipolytica |2 eng | |
| 650 | 4 | |a β-ketoacyl-CoA synthase |2 eng | |
| 650 | 4 | |a erucic acid |2 eng | |
| 700 | 1 | |a Gajdoš, Peter |u 044000 |k Z1 |4 ths |U FCHPT Fakulta chemickej a potravinárskej technológie |T FCHPT Ústav biotechnológie |X 40394 |U C4000 |Y 102 |7 A000040394 | |
| 856 | 4 | |u http://is.stuba.sk/zp/portal_zp.pl?podrobnosti=157562 | |